Recopilación de documentos históricos relativos a la administración del general Francisco Menéndez (Registro nro. 4285)

Detalles MARC
000 -CABECERA
Longitud fija campo de control 01063cam a2200241 i 4500
001 - NÚMERO DE CONTROL
Número de control 3202844
003 - IDENTIFICADOR DELl NÚMERO DE CONTROL
Identificador del número de control OSt
005 - FECHA Y HORA DE LA ÚLTIMA TRANSACCIÓN
Fecha y hora de la última transacción 20131121170837.0
008 - CÓDIGOS DE INFORMACIÓN DE LONGITUD FIJA
Códigos de información de longitud fija 770816s1976 slv spa
040 ## - FUENTE DE LA CATALOGACIÓN
Centro catalogador de origen DLC
Centro transcriptor BMC
Centro modificado DLC
082 ## - NÚMERO DE LA CLASIFICACIÓN DECIMAL DEWEY
Númeroo de clasificación 972.840722
082 ## - NÚMERO DE LA CLASIFICACIÓN DECIMAL DEWEY
Númeroo de clasificación 923.1 Francisco Menéndez
245 00 - MENCIÓN DE TÍTULO
Título Recopilación de documentos históricos relativos a la administración del general Francisco Menéndez
Resto del título : apéndice de "Repositorio" órgano del Archivo General de la Nación, Dependencia de la Administración de Bibliotecas y Archivos
Mención de responsabilidad, etc. director, Rodolfo Ramos Choto ; recopiló, María Leistenschneider
260 ## - PUBLICACIÓN, DISTRIBUCIÓN, ETC. (PIE DE IMPRENTA)
Lugar de publicación, distribución, etc. San Salvador
Nombre del editor, distribuidor, etc. Archivo General de la Nación
Fecha de publicación, distribución, etc. [1976?]
300 ## - DESCRIPCIÓN FÍSICA
Extensión 495 p.
Otras características físicas il.
Dimensiones 25 cm
594 ## - NOTA AL TÍTULO Y MENCIÓN DE RESPONSABIBLIDAD
Nota Al Título Y Mención De Responsabilidad Precede al tít.: Ministerio de Educación, Dirección de Cultura
600 14 - PUNTO DE ACCESO ADICIONAL DE MATERIA - NOMBRE DE PERSONA
9 (RLIN) 9581
Nombre de persona Menéndez, Francisco
Fechas asociadas al nombre 1830-1890
651 #4 - PUNTO DE ACCESO ADICIONAL DE MATERIA - NOMBRE GEOGRÁFICO
Nombre geográfico El Salvador
Subdivisión de materia general Historia
-- Fuentes
9 (RLIN) 9422
700 1# - PUNTO DE ACCESO ADICIONAL - NOMBRE DE PERSONA
9 (RLIN) 9082
Nombre de persona Leistenschneider, María
700 1# - PUNTO DE ACCESO ADICIONAL - NOMBRE DE PERSONA
9 (RLIN) 9584
Nombre de persona Ramos Choto, Rodolfo
710 2# - PUNTO DE ACCESO ADICIONAL - NOMBRE DE ENTIDAD
9 (RLIN) 9826
Nombre de entidad o nombre de jurisdicción como elemento inicial Archivo General de la Nación (El Salvador)
942 ## - ENTRADA DE ELEMENTOS AGREGADOS (KOHA)
Fuente de clasificaión o esquema Dewey Decimal Classification
Koha [por defecto] tipo de item 1- Monografias
Existencias
Suprimido Perdido Fuente de clasificación o esquema Estropeado Restricciones de uso No para préstamo Código de colección Localización permanente Localización actual Localización en estanter&íacute;as Fecha adquisición Fuente de adquisición Número de inventario Préstamos totales Signatura completa Código de barras Fecha última consulta Coste, precio reemplazado Fecha del precio de reemplazo Tipo de item de Koha
NULL NULL Dewey Decimal Classification NULL Prestable NULL NULL Biblioteca Miguel de Cervantes - UNICAES Biblioteca Miguel de Cervantes - UNICAES Sala Principal 19/11/2013 Donación - Mayorga Rivas 007396   972.84 REC 1007396 19/11/2013 24.00 19/11/2013 1- Monografias